Statystyki dla Geografia quiz #18 - Słownik geograficzny

Kliknij tutaj aby rozwiązać quiz!

Ogólne statystyki

  • Ten quiz został rozwiązany 7 razy
  • Średni wynik to 9 z 15

Statystyki odpowiedzi

PojęcieDefinicja% Poprawnych
KlimatTo stały, powtarzalny zespół zjawisk pogodowych charakterystyczny dla danego obszaru, ustalony na podstawie wieloletnich obserwacji. Nazywany bywa także statystyką elementów pogody.
100%
LasFormacja roślinna złożona przede wszystkim z drzew, zwykle o dużym zwarciu. Pełni funkcje przyrodnicze i społeczno-gospodarcze.
100%
OdpływWystępujące dwukrotnie w ciągu doby zjawisko obniżania się poziomu wody morskiej, będące efektem grawitacyjnego oddziaływania Księżyca i Słońca oraz sił odśrodkowej wynikającej z ruchu obrotowego Ziemi. Przeciwieństwem jest przypływ.
100%
BezrobocieStan pozostawania kandydata do pracy bez zatrudnienia, mimo aktywnego poszukiwania pracy.
80%
JęczmieńRoślina alimentacyjna należąca do zbóż. Na tle innych zbóż wyróżnia się dużą odpornością na trudne warunki klimatyczne, nie lubi też nadmiaru wody. Światowa produkcja wyniosła 141 mln ton w 2018 r.
80%
OceanWielki akwen słonej wody stojącej, który oblewa kontynenty. Składa się z mniejszych akwenów – mórz, a sam współtworzy Wszechocean – składający się z 5 wydzielonych oceanów.
80%
TajfunLokalna nazwa używana na Cyklon Tropikalny na obszarze Oceanu Spokojnego we wschodniej Azji, zwłaszcza u wybrzeży Wysp Japońskich.
60%
BazaltSkała magmowa wylewna (wulkaniczna), skrytokrystaliczna, o jednolitej ciemnej budowie. Wykorzystywany przede wszystkim w budownictwie drogowym.
40%
EgzosferaJedna z warstw atmosfery ziemskiej, będąca warstwą zewnętrzną, rozpoczyna się na wysokości 800 km i przechodzi bezpośrednio w kosmos (na wysokości 2000 – 10 000 km). Warstwę cechuje stały spadek temperatury aż do -273 stopni Celsjusza oraz obecność w niej licznych satelitów telekomunikacyjnych.
40%
EndemitElement flory lub fauny osobliwy (unikatowy) dla danego, niewielkiego regionu i niewystępujący poza nim.
40%
KondensacjaŁączenie się materii np. w fizyce lub meteorologii. Termin w szczególności odnosi się do procesu tworzenia (budowania) chmur z łączących się kropelek wody.
40%
WąwózWklęsła forma terenu, rodzaj suchej doliny o płaskim, ale wąskim dnie, okresowo lub sporadycznie wypełniającej się wodą. Kształt doliny ma charakter bliższy literze V, ściany z reguły są wysokie i strome
40%
AbrazjaErozyjna działalność morza, polega ona na stopniowym niszczeniu brzegu morskiego przez nieustannie napierające morskie fale. Proces cechuje się rozpieraniem przez morską wodę szczelin w skałach oraz podmywaniem brzegów.
20%
Fazy KsiężycaObserwowane z Ziemi zmiany oświetlenia Księżyca występujące w cyklicznych i powtarzalnych etapach, wynikające z jego ruchu obiegowego wokół Ziemi (około 29 dni, 12 godzin i 44 minut).
20%
LagunaCzęść morza (płytka zatoka) odcięta od właściwego akwenu przez piaszczysty wał, np. lido. Przeważnie ma charakter równoległy do linii brzegowej. Najczęściej mają trwałe lub okresowe połączenie z morzem o niskiej wydajności wymiany wody.
20%

Rozkład punktacji

Percentyl według liczby udzielonych odpowiedzi

Procent ludzi z każdym wynikiem

Twoja historia wyników

Nie rozwiązałeś tego quizu